Pharmacogenomics (Record no. 193348)

MARC details
000 -LEADER
fixed length control field 00482nam a2200169Ia 4500
005 - DATE AND TIME OF LATEST TRANSACTION
control field 20250227173929.0
008 - FIXED-LENGTH DATA ELEMENTS--GENERAL INFORMATION
fixed length control field 231217s9999 xx 000 0 und d
020 ## - INTERNATIONAL STANDARD BOOK NUMBER
International Standard Book Number 9780824705442
082 ## - DEWEY DECIMAL CLASSIFICATION NUMBER
Classification number 615.7 KAL;1 R
100 ## - MAIN ENTRY--PERSONAL NAME
Personal name Kalow, Werner ed. Meyer, Urs A. Tyndale, Rachel F.
245 #0 - TITLE STATEMENT
Title Pharmacogenomics
260 ## - PUBLICATION, DISTRIBUTION, ETC. (IMPRINT)
Date of publication, distribution, etc. 2001
Name of publisher, distributor, etc. Marcel Dekker Inc
Place of publication, distribution, etc. New York
300 ## - PHYSICAL DESCRIPTION
Extent xi, 403
650 ## - SUBJECT ADDED ENTRY--TOPICAL TERM
Topical term or geographic name as entry element Pharmacogenomics
942 ## - ADDED ENTRY ELEMENTS (KOHA)
Koha item type Books
400 ## - SERIES STATEMENT/ADDED ENTRY--PERSONAL NAME [OBSOLETE, CAN/MARC], [LOCAL, USA]
Personal name Drugs and the pharmaceutical sciences
Holdings
Date last seen Total Checkouts Full call number Accession number Old discount Uniform Resource Identifier Cost, replacement price Price effective from Category Lost status Damaged status Department Withdrawn status bill no. bill date Permanent Location Current Location Shelving location Entry date Vendor Cost, normal purchase price Grants Currency symbol Conversion rate Discount Discount type
26/01/2024   615.7 KAL;1 R 80342 25 digital/contents/80342.pdf 1496.25 26/01/2024 Books     Central Library   BR-329 19/04/2017 Central Library Central Library Central Library 24/01/2012 Royal Biblioman 1995.00 BT/PG RS 1 498.75 Rupees

© For any Suggestions or Query, please contact the library staff @ librarian@pes.edu or Phone: +9180 2672 1983/ 2108.